STEVE JOBS THE MAN WHO THOUGHT DIFFERENT (Record no. 19212)
[ view plain ]
| 000 -LEADER | |
|---|---|
| fixed length control field | 00334nam a2200133Ia 4500 |
| 008 - FIXED-LENGTH DATA ELEMENTS--GENERAL INFORMATION | |
| fixed length control field | 240624s9999 xx 000 0 und d |
| 041 ## - LANGUAGE CODE | |
| Language code of text/sound track or separate title | eng |
| 082 ## - DEWEY DECIMAL CLASSIFICATION NUMBER | |
| Classification number | 923 BLU |
| 100 ## - MAIN ENTRY--PERSONAL NAME | |
| Personal name | BLUMENTHAL KAREN |
| 245 ## - TITLE STATEMENT | |
| Title | STEVE JOBS THE MAN WHO THOUGHT DIFFERENT |
| 260 ## - PUBLICATION, DISTRIBUTION, ETC. | |
| Date of publication, distribution, etc. | 2012 |
| Place of publication, distribution, etc. | New Delhi |
| Name of publisher, distributor, etc. | Bloomsbury |
| 300 ## - PHYSICAL DESCRIPTION | |
| Extent | 310 : p. |
| 365 ## - TRADE PRICE | |
| Currency code | RS |
| Price amount | 25 |
| Withdrawn status | Lost status | Damaged status | Not for loan | Home library | Current library | Shelving location | Date acquired | Source of acquisition | Cost, normal purchase price | Full call number | Barcode | Date last seen | Copy number | Price effective from | Koha item type |
|---|---|---|---|---|---|---|---|---|---|---|---|---|---|---|---|
| Missing | IMTN | IMTN | Rack 41-B | 07/19/2012 | IBH | 399.00 | 923 BLU | 19212 | 06/24/2024 | 1 | 06/24/2024 | Books |